[Event "D4R6 Colomiers-Cahors"]
[Site "Cahors"]
[Date "2004.03.14"]
[Round "6.1"]
[White "Hantisse, Alain"]
[Black "Marty, Damien"]
[Result "1-0"]
[WhiteElo "1870"]
[BlackElo "2030"]
[EventDate "2004.??.??"]
[PlyCount "139"]

1.e4 e5 2.Nf3 Nf6 3.Nc3 Bb4 4.d3 Nc6 5.Bd2 O-O 6.a3 Bxc3 7.Bxc3 Re8 8.Be2 
d5 9.exd5 Nxd5 10.Qd2 Nxc3 11.bxc3 Bf5 12.Qg5 Qxg5 13.Nxg5 e4 14.Nxe4 Bxe4
15.dxe4 Rxe4 16.f3 Re5 17.Kd2 Rd8+ 18.Bd3 Rg5 19.g3 Ne5 20.f4 Nxd3 21.fxg5
Nf2+ 22.Ke2 Nxh1 23.Rxh1 Kf8 24.Rb1 b6 25.Rb4 Rd5 26.Ra4 Rxg5 27.Rxa7 Rc5 
28.Kd3 f5 29.Ra4 g5 30.Rc4 Rd5+ 31.Rd4 Re5 32.Rd8+ Kf7 33.Kd4 Re7 34.Kc4 
Kf6 35.Kd5 f4 36.Rf8+ Kg7 37.Rf5 Kg6 38.Rf8 fxg3 39.hxg3 Re3 40.Kc4 Rxg3 
41.Rc8 b5+ 42.Kb4 h5 43.Rxc7 h4 44.Kxb5 h3 45.Rc8 g4 46.Rg8+ Kf7 47.Rh8 
Rxc3 48.Rh4 Rg3 49.a4 Rg2 50.a5 h2 51.a6 Rxc2 52.a7 Ra2 53.Rxh2 Rxh2 54.
a8=Q Rh5+ 55.Kc4 Rg5 56.Qd8 Kg6 57.Qd6+ Kf5 58.Qg3 Rh5 59.Kd4 Rh3 60.Qe5+ 
Kg6 61.Ke4 Rf3 62.Qc5 Rf1 63.Qb6+ Rf6 64.Qd8 Rf3 65.Qh4 Rf1 66.Qxg4+ Kf6 
67.Qh4+ Kf7 68.Ke5 Kg6 69.Ke6 Rc1 70.Qg4+ 1-0

[Event "R2-Ronde5"]
[Site "?"]
[Date "2004.03.14"]
[Round "5"]
[White "Portet, Dominique"]
[Black "Lestringant, Guillaume"]
[Result "1-0"]
[WhiteElo "1499"]
[BlackElo "1199"]
[EventDate "2004.03.15"]
[PlyCount "65"]

1.d4 e6 2.Nf3 d5 3.g3 c5 4.c3 Qb6 5.Bd2 Qxb2 6.Na3 Qxa3 7.Bg2 Qa6 8.O-O 
Nf6 9.Bh3 Bd6 10.Re1 Qb6 11.Be3 O-O 12.Qd3 Nc6 13.Rab1 Qa5 14.Rb2 Bd7 15.
Bg5 Be7 16.Reb1 h6 17.Bf4 Ne4 18.Rc1 Rac8 19.Ne5 Rcd8 20.Qf3 cxd4 21.Rbc2 
Ba3 22.Re1 dxc3 23.Qg4 Nd4 24.Bxh6 g6 25.Nxg6 Kh7 26.Nxf8+ Bxf8 27.Qh4 
Bxh6 28.f3 Nxc2 29.Rf1 Nd2 30.Rc1 Ne3 31.g4 Rc8 32.g5 Kg6 33.Qxh6# 1-0

[Event "R2-Ronde5"]
[Site "?"]
[Date "2004.03.14"]
[Round "5"]
[White "Despoux, Arnaud"]
[Black "Faucheux, Audric"]
[Result "1-0"]
[WhiteElo "1299"]
[BlackElo "1099"]
[EventDate "2004.03.15"]
[PlyCount "45"]

1.Nf3 Nc6 2.d4 d5 3.g3 Nf6 4.Bg5 Bg4 5.Bg2 e6 6.a3 Be7 7.Qd2 O-O 8.h3 Bf5 
9.Nh4 Be4 10.Bxf6 Bxf6 11.Nc3 Bxg2 12.Nxg2 Nxd4 13.Nf4 c6 14.Nh5 Be5 15.f4
Bd6 16.Qxd4 e5 17.fxe5 g6 18.Nf6+ Kg7 19.O-O b6 20.Qh4 h6 21.g4 Re8 22.g5 
Rxe5 23.Qxh6# 1-0

[Event "R2-Ronde5"]
[Site "?"]
[Date "2004.03.14"]
[Round "5"]
[White "Decorchemont, Julien"]
[Black "Latorré, René"]
[Result "1-0"]
[WhiteElo "1199"]
[BlackElo "1340"]
[EventDate "2004.03.15"]
[PlyCount "55"]

1.e4 Nf6 2.e5 Nd5 3.d4 e6 4.c4 Nb6 5.f4 d5 6.c5 N6d7 7.Nf3 b6 8.cxb6 axb6 
9.Nc3 Bb4 10.Bd3 Ba6 11.O-O O-O 12.a3 Bxc3 13.bxc3 f6 14.Qc2 g6 15.Nh4 
Bxd3 16.Qxd3 fxe5 17.Nxg6 e4 18.Qg3 Kf7 19.Nxf8 Qxf8 20.f5 Nf6 21.Qxc7+ 
Nbd7 22.fxe6+ Kxe6 23.Qc6+ Ke7 24.Bg5 Ra7 25.Rxf6 Nxf6 26.Rf1 Rd7 27.Bxf6+
Ke8 28.Qc8+ 1-0

[Event "R2-Ronde5"]
[Site "?"]
[Date "2004.03.14"]
[Round "5"]
[White "Cordier, Quentin"]
[Black "Brenet, Jérémy"]
[Result "1-0"]
[WhiteElo "1200"]
[BlackElo "1199"]
[EventDate "2004.03.15"]
[PlyCount "85"]

1.f4 e6 2.Nf3 d5 3.b3 c5 4.Bb2 Nc6 5.e3 Qb6 6.Be2 Nge7 7.O-O Nf5 8.Bd3 Nd6
9.Qe1 Be7 10.Bxg7 Rg8 11.Bb2 Bd7 12.Bxh7 Rf8 13.Bg7 Nb4 14.Qd1 O-O-O 15.
Bxf8 Rxf8 16.Ne5 Rh8 17.Bd3 Bf6 18.c3 Nxd3 19.Nxd3 d4 20.Ne5 Bxe5 21.fxe5 
Ne4 22.Qf3 Bc6 23.Qxf7 a6 24.Qg7 Rh5 25.Rf8+ Qd8 26.Rxd8+ Kxd8 27.exd4 
cxd4 28.cxd4 Bb5 29.Qg4 Rf5 30.Nc3 Nxc3 31.dxc3 Rf8 32.c4 Bd7 33.Rf1 Rh8 
34.Qg7 Re8 35.Rf8 b6 36.Rxe8+ Bxe8 37.Qf6+ Kc7 38.Qxe6 Bd7 39.Qd6+ Kb7 40.
Qxd7+ Ka8 41.c5 a5 42.c6 b5 43.Qb7# 1-0

[Event "R1Castel/Moissac-Villeneuve Tolosane"]
[Site "?"]
[Date "2004.03.14"]
[Round "6"]
[White "Vainguer, Guillaume"]
[Black "Laplaze, Herve"]
[Result "1-0"]
[WhiteElo "1690"]
[BlackElo "1500"]
[EventDate "2004.03.15"]
[PlyCount "67"]

1.d4 d5 2.Nf3 Nf6 3.Bf4 g6 4.Nbd2 Bg7 5.h3 O-O 6.e3 Nbd7 7.c4 dxc4 8.Bxc4 
c6 9.a3 b5 10.Ba2 a5 11.Qc2 Qb6 12.Ng5 e6 13.Bd6 Re8 14.Nde4 Nxe4 15.Qxe4 
Nf6 16.Qf4 b4 17.O-O b3 18.Bb1 a4 19.Rd1 Bb7 20.Bc5 Qd8 21.e4 Nd7 22.Qxf7+
Kh8 23.Nxe6 Rxe6 24.Qxe6 Nxc5 25.Qc4 Ra5 26.e5 Bxe5 27.Bxg6 Ba6 28.Qf7 Qg8
29.dxe5 Qxf7 30.Bxf7 Ne4 31.e6 Kg7 32.Rd7 Kf8 33.Re1 Nf6 34.e7+ 1-0

[Event "R1Castel/Moissac-Villeneuve Tolosane"]
[Site "?"]
[Date "2004.03.14"]
[Round "6"]
[White "Taïeb, Marcel"]
[Black "Haddab, Roland"]
[Result "0-1"]
[WhiteElo "1600"]
[BlackElo "1640"]
[EventDate "2004.03.15"]
[PlyCount "64"]

1.d4 Nf6 2.c4 e6 3.Nc3 d5 4.Bg5 Nbd7 5.Nf3 a6 6.e3 Be7 7.Bd3 dxc4 8.Bxc4 
b5 9.Bd3 O-O 10.Qc2 h6 11.h4 c5 12.Ne4 Nxe4 13.Bxe4 Rb8 14.Bf4 Rb6 15.g4 
Nf6 16.Ng5 Nxe4 17.Qxe4 f5 18.gxf5 exf5 19.Qg2 Rg6 20.h5 Rxg5 21.Bxg5 Bxg5
22.f4 Bh4+ 23.Ke2 Bf6 24.Rad1 cxd4 25.Rhg1 Re8 26.Kf1 Be6 27.b3 Bd5 28.Qg6
Rxe3 29.Qxh6 Rf3+ 30.Ke2 Qe7+ 31.Kd2 Qe3+ 32.Kc2 Qc3+ 0-1

[Event "R1Castel/Moissac-Villeneuve Tolosane"]
[Site "?"]
[Date "2004.03.14"]
[Round "6"]
[White "Riviere, Frederic"]
[Black "Doustens, Jean-Jacques"]
[Result "1-0"]
[WhiteElo "1850"]
[BlackElo "1530"]
[EventDate "2004.03.15"]
[PlyCount "41"]

1.e4 e6 2.d4 d6 3.Nf3 Nd7 4.Nc3 c6 5.Bc4 Qc7 6.Ng5 Ngf6 7.O-O h6 8.Nxf7 
Kxf7 9.d5 Ne5 10.dxe6+ Bxe6 11.Bxe6+ Kxe6 12.f4 Qb6+ 13.Kh1 Neg4 14.Qe2 h5
15.e5 dxe5 16.fxe5 Nd7 17.Qc4+ Ke7 18.Bg5+ Ndf6 19.exf6+ Kd7 20.Rad1+ Kc7 
21.Nd5+ 1-0

[Event "R1Castel/Moissac-Villeneuve Tolosane"]
[Site "?"]
[Date "2004.03.14"]
[Round "6"]
[White "Rashoev, Rezo"]
[Black "Cebollero, Daniel"]
[Result "1-0"]
[WhiteElo "1499"]
[BlackElo "1530"]
[EventDate "2004.03.15"]
[PlyCount "77"]

1.d4 d5 2.g3 Bf5 3.Bg2 c6 4.Nf3 Be4 5.Nbd2 Nf6 6.Nxe4 Nxe4 7.O-O e6 8.a3 
Nd7 9.c3 Bd6 10.Be3 O-O 11.Qd3 f5 12.Ne1 Qf6 13.f3 Ng5 14.f4 Ne4 15.Nf3 h6
16.c4 c5 17.cxd5 exd5 18.dxc5 Ndxc5 19.Qxd5+ Kh8 20.Bd4 Qe7 21.Nh4 Kh7 22.
Nxf5 Rxf5 23.Qxf5+ Kh8 24.b4 Rf8 25.Qd5 Nf6 26.Bxf6 Rxf6 27.bxc5 Bxc5+ 28.
Kh1 b6 29.Rad1 Bd6 30.e4 Bxa3 31.Qd8+ Qxd8 32.Rxd8+ Kh7 33.e5 Rf7 34.Be4+ 
g6 35.f5 Re7 36.fxg6+ Kg7 37.Rdf8 Bc5 38.R8f7+ Rxf7 39.Rxf7+ 1-0

[Event "R1Castel/Moissac-Villeneuve Tolosane"]
[Site "?"]
[Date "2004.03.14"]
[Round "6"]
[White "Lacroix, Romain"]
[Black "Lamy, Loic"]
[Result "1-0"]
[WhiteElo "2038"]
[BlackElo "1980"]
[EventDate "2004.03.15"]
[PlyCount "71"]

1.e4 e6 2.d4 d5 3.Nc3 Nf6 4.Bg5 Bb4 5.e5 h6 6.Bd2 Bxc3 7.bxc3 Ne4 8.Qg4 g6
9.Bd3 Nxd2 10.Kxd2 c5 11.h4 Bd7 12.Rh3 Qe7 13.Rb1 c4 14.Be2 Bc6 15.h5 g5 
16.f4 Rg8 17.f5 Nd7 18.Rf3 O-O-O 19.fxe6 fxe6 20.Rbf1 Nxe5 21.dxe5 d4 22.
cxd4 Qb4+ 23.Rc3 b5 24.Qxe6+ Kb8 25.Qxc6 Rxd4+ 26.Kc1 Qxc3 27.Qxb5+ Kc8 
28.Bg4+ Rxg4 29.Qc6+ Kb8 30.Qd6+ Ka8 31.Qd5+ Kb8 32.Qxg8+ Kc7 33.Rf7+ Kc6 
34.Qc8+ Kd5 35.Rd7+ Ke4 36.Rd4+ 1-0

[Event "R1Castel/Moissac-Villeneuve Tolosane"]
[Site "?"]
[Date "2004.03.14"]
[Round "6"]
[White "Brochet, Thierry"]
[Black "Catala, Laurent"]
[Result "0-1"]
[WhiteElo "1740"]
[BlackElo "2020"]
[EventDate "2004.03.15"]
[PlyCount "100"]

1.e4 e5 2.Nf3 Nc6 3.Bb5 Bc5 4.O-O Nge7 5.c3 O-O 6.d4 exd4 7.cxd4 Bb6 8.d5 
Nb8 9.Nc3 a6 10.Bd3 d6 11.h3 Nd7 12.Bg5 Qe8 13.Qd2 Ng6 14.Be3 Bxe3 15.Qxe3
Nge5 16.Bc2 Nxf3+ 17.Qxf3 Ne5 18.Qe2 f5 19.exf5 Bxf5 20.Rae1 Qg6 21.Bxf5 
Rxf5 22.f4 Nd7 23.Qe6+ Qf7 24.g3 Rf6 25.Qxf7+ Rxf7 26.Re6 Nc5 27.Re3 Raf8 
28.Rfe1 g6 29.b4 Nd7 30.Ne4 Nb6 31.Nc3 Nc4 32.Re6 g5 33.fxg5 Ne5 34.Re2 
Nf3+ 35.Kg2 Nd4 36.g6 Rg7 37.gxh7+ Kxh7 38.Re7 Nxe2 39.Rxg7+ Kxg7 40.Nxe2 
c6 41.Nf4 Kf6 42.Nh5+ Ke5 43.dxc6 bxc6 44.g4 d5 45.g5 Kf5 46.Nf6 d4 47.Nd7
Rd8 48.Nc5 d3 49.Kf2 d2 50.g6 d1=Q 0-1

[Event "R1-PDown2- Vic / CATE"]
[Site "?"]
[Date "2004.03.14"]
[Round "6.5"]
[White "Labat, Jory"]
[Black "Delay, Guillaume"]
[Result "1-0"]
[WhiteElo "1480"]
[BlackElo "1380"]
[EventDate "2004.03.14"]
[PlyCount "51"]

1.d4 d5 2.c4 e6 3.Nc3 Nf6 4.Bf4 Bd6 5.Bxd6 Qxd6 6.c5 Qe7 7.Nf3 Nc6 8.e3 
O-O 9.Bd3 Bd7 10.O-O b6 11.cxb6 cxb6 12.a3 e5 13.dxe5 Nxe5 14.Nxe5 Qxe5 
15.Be2 Rac8 16.Qd2 Rfd8 17.Rfd1 Bf5 18.Qd4 Qe6 19.Bf3 Rc4 20.Qxc4 dxc4 21.
Rxd8+ Ne8 22.Nb5 Qe7 23.Rad1 Bd3 24.Ra8 Qd7 25.Nc7 f6 26.Bd5+ 1-0

[Event "R1-PDown2- Vic / CATE"]
[Site "?"]
[Date "2004.03.14"]
[Round "6.3"]
[White "Hochet, Yannick"]
[Black "Bacque, Bernard"]
[Result "0-1"]
[WhiteElo "1530"]
[BlackElo "1410"]
[EventDate "2004.03.14"]
[PlyCount "46"]

1.e4 e6 2.d4 d5 3.exd5 exd5 4.h3 Nc6 5.c3 Nf6 6.Nf3 Bd6 7.Bd3 Ne4 8.O-O 
Bf5 9.Re1 O-O 10.Nbd2 Re8 11.Nf1 Qd7 12.h4 Bg4 13.Ne3 Bh5 14.Nxd5 Bh2+ 15.
Kxh2 Qxd5 16.Kg1 Nf6 17.Be2 Re7 18.Bg5 Rae8 19.Bxf6 gxf6 20.Qd3 Bxf3 21.
gxf3 Qh5 22.Kf1 Qxh4 23.Qf5 Qh1# 0-1

[Event "R1-PDown2- CATE / Vic"]
[Site "?"]
[Date "2004.03.14"]
[Round "6.4"]
[White "Poussy, Daniel"]
[Black "Prieur, Axel"]
[Result "0-1"]
[WhiteElo "1440"]
[BlackElo "1510"]
[EventDate "2004.03.14"]
[PlyCount "94"]

1.e4 e5 2.Nf3 Nc6 3.a4 Nf6 4.Nc3 Be7 5.Bb5 O-O 6.O-O d6 7.d4 Bg4 8.Bxc6 
bxc6 9.d5 cxd5 10.Qd3 d4 11.Nd5 Nxd5 12.exd5 f5 13.c4 e4 14.Qxd4 exf3 15.
g3 Bf6 16.Qd3 Be5 17.Rb1 Qf6 18.b4 Rfe8 19.Bd2 f4 20.c5 Bf5 21.Qxf3 Bxb1 
22.Rxb1 fxg3 23.Qxf6 gxf2+ 24.Qxf2 Rf8 25.Qh4 Rf6 26.h3 Raf8 27.Qc4 Rg6+ 
28.Kh1 Rf2 29.Qg4 Rh2+ 30.Kg1 Rxg4+ 31.hxg4 Rxd2 32.cxd6 Bxd6 33.b5 Rxd5 
34.Kg2 Rd4 35.a5 Rxg4+ 36.Kf3 Rb4 37.Rd1 Rxb5 38.a6 Ra5 39.Rxd6 cxd6 40.
Ke4 Rxa6 41.Kd5 Kf7 42.Ke4 Ke6 43.Kd4 Ra4+ 44.Ke3 Ke5 45.Kd3 d5 46.Kc3 
Rc4+ 47.Kd3 a5 0-1

[Event "R1-PDown2- CATE / Vic"]
[Site "?"]
[Date "2004.03.14"]
[Round "6.2"]
[White "Gomez, Jean-Pierre"]
[Black "Lavole, Olivier"]
[Result "1/2-1/2"]
[WhiteElo "1499"]
[BlackElo "1610"]
[EventDate "2004.03.14"]
[PlyCount "71"]

1.Nf3 Nf6 2.d4 g6 3.c4 Bg7 4.Nc3 d6 5.g3 O-O 6.Bg2 c5 7.d5 Qa5 8.O-O a6 9.
Bd2 Qc7 10.a4 e6 11.Qc2 exd5 12.Nxd5 Nxd5 13.cxd5 Nd7 14.Bc3 Bxc3 15.Qxc3 
b6 16.Rfe1 Bb7 17.e4 Rae8 18.Rac1 a5 19.b3 Re7 20.Nd2 Rfe8 21.Nc4 Ba6 22.
f4 Bxc4 23.bxc4 Nb8 24.Rc2 f5 25.Rce2 fxe4 26.Rxe4 Rxe4 27.Rxe4 Rxe4 28.
Bxe4 Qg7 29.Qxg7+ Kxg7 30.g4 Nd7 31.g5 Nb8 32.h4 Na6 33.Kg2 Nb4 34.Bb1 Na6
35.Kf3 Nc7 36.Kg4 $11 1/2-1/2

[Event "R1-Basse2- Vic / CATE"]
[Site "?"]
[Date "2004.03.14"]
[Round "6.1"]
[White "Grelier, Gilles"]
[Black "Bouyt, Bernard"]
[Result "1-0"]
[WhiteElo "1980"]
[BlackElo "1770"]
[EventDate "2004.03.14"]
[PlyCount "105"]

1.d4 Nf6 2.c4 e6 3.Nc3 Bb4 4.Qc2 O-O 5.a3 Bxc3+ 6.Qxc3 d6 7.Bg5 Nbd7 8.Nf3
b6 9.e3 Bb7 10.Bd3 h6 11.Bh4 a5 12.Rd1 Re8 13.O-O Ra7 14.Nd2 g5 15.Bg3 Nh5
16.Qc2 f5 17.d5 Nc5 18.dxe6 Nxd3 19.Qxd3 Qf6 $11 20.h3 Rxe6 21.Bh2 Ra8 22.
Nb3 Qxb2 23.Nd4 Be4 24.Qd2 Qxd2 25.Rxd2 Rf6 26.f3 Bb7 27.Nb5 Rf7 28.Rd4 
Ng7 29.Kf2 Ne6 30.Rd2 g4 31.Nxd6 cxd6 32.Rxd6 Nc5 33.Rxb6 gxf3 34.gxf3 Kh7
35.Rg1 Ra6 36.Rgg6 Rxb6 37.Rxb6 f4 38.e4 Rd7 39.Bxf4 Nd3+ 40.Ke3 Nxf4 41.
Kxf4 Rf7+ 42.Ke5 Bc8 43.f4 Bxh3 44.f5 h5 45.c5 h4 46.c6 Bg2 47.Rb7 Rxb7 
48.cxb7 h3 49.b8=Q h2 50.Kf6 h1=Q 51.Qc7+ Kh6 52.Qg7+ Kh5 53.Qg5# 1-0

[Event "R7N3 Tournefeuille / Ramonville"]
[Site "?"]
[Date "2004.03.14"]
[Round "7"]
[White "Xanthakis, Spyridon"]
[Black "Laurain, Dominique"]
[Result "0-1"]
[WhiteElo "1720"]
[BlackElo "2060"]
[EventDate "2004.??.??"]
[PlyCount "87"]

1.e4 d6 2.d4 Nf6 3.Nc3 c6 4.Nf3 Bg4 5.Be2 e6 6.O-O d5 7.e5 Nfd7 8.Re1 c5 
9.Bg5 Qb6 10.dxc5 Bxc5 11.Rf1 Bxf3 12.Bxf3 Qxb2 13.Na4 Qxe5 14.Nxc5 Nxc5 
15.Be3 b6 16.c4 Nc6 17.cxd5 Rd8 18.Bxc5 bxc5 19.Qa4 O-O 20.Qxc6 Rc8 21.Qb7
Rc7 22.Qb3 c4 23.Qb5 a6 24.Qxa6 exd5 25.Qb5 Rd8 26.Rfe1 Qd6 27.Re8+ Rxe8 
28.Qxe8+ Qf8 29.Qxf8+ Kxf8 30.Bxd5 Ke7 31.Rc1 c3 32.Kf1 Rc5 33.Bb3 f6 34.
Ke2 Kd6 35.Kd3 Rh5 36.h3 Rf5 37.Rc2 Kc5 38.Rxc3+ Kb4 39.Rc2 g5 40.Ke3 h5 
41.Rb2 Ka3 42.Rd2 g4 43.hxg4 hxg4 44.Rd5 0-1

[Event "R7N3 Tournefeuille / Ramonville"]
[Site "?"]
[Date "2004.03.14"]
[Round "7"]
[White "Tromp"]
[Black "Aguirre, Simon"]
[Result "0-1"]
[WhiteElo "1920"]
[BlackElo "2198"]
[EventDate "2004.??.??"]
[PlyCount "68"]

1.d4 d5 2.Nf3 Nf6 3.c4 c6 4.Nc3 dxc4 5.a4 Bf5 6.e3 e6 7.Bxc4 Bb4 8.O-O 
Nbd7 9.Qe2 Bg6 10.e4 Bxc3 11.bxc3 Nxe4 12.Ba3 Qc7 13.Qe3 O-O-O 14.a5 Kb8 
15.Be7 Rde8 16.Bh4 e5 17.Ng5 Nd6 18.Bd3 Bxd3 19.Qxd3 e4 20.Qh3 h6 21.Nxf7 
Nxf7 22.Bg3 Nd6 23.c4 c5 24.dxc5 Nxc5 25.Rfd1 Nd3 26.c5 Qxc5 27.Rac1 Qd5 
28.Qd7 Rd8 29.Bxd6+ Ka8 30.Qxg7 Qxd6 31.Rc7 Qf8 32.a6 Qxf2+ 33.Kh1 Qb6 34.
axb7+ Kb8 0-1

[Event "R7N3 Tournefeuille / Ramonville"]
[Site "?"]
[Date "2004.03.14"]
[Round "7"]
[White "Legros, Jean Luc"]
[Black "Bollengier, Thierry"]
[Result "1-0"]
[WhiteElo "1980"]
[BlackElo "2165"]
[EventDate "2004.??.??"]
[PlyCount "83"]

1.e4 c6 2.d4 d5 3.e5 Bf5 4.Nf3 e6 5.Be2 c5 6.c3 Nc6 7.O-O f6 8.exf6 Nxf6 
9.Re1 cxd4 10.Bb5 Bc5 11.b4 Bd6 12.Nxd4 O-O 13.Nxf5 exf5 14.Bg5 Qb6 15.
Bxf6 Rxf6 16.Qxd5+ Kh8 17.Na3 Qc7 18.h3 Ne7 19.Qb3 f4 20.Nc4 f3 21.Nxd6 
Rxd6 22.Qf7 Rg6 23.Rxe7 Rxg2+ 24.Kf1 Rxf2+ 25.Kxf2 Qh2+ 26.Kxf3 Qxh3+ 27.
Ke2 Qg2+ 28.Qf2 Qg4+ 29.Qf3 Qg5 30.Re3 Qxb5+ 31.Kf2 Kg8 32.a4 Qg5 33.Rg1 
Qh4+ 34.Qg3 Qf6+ 35.Rf3 Qb6+ 36.Kf1 g6 37.Qf4 Qa6+ 38.b5 Qe6 39.Rg2 Re8 
40.Kg1 Qe1+ 41.Rf1 Qe6 42.Rgf2 1-0

[Event "R7N3 Tournefeuille / Ramonville"]
[Site "?"]
[Date "2004.03.14"]
[Round "7"]
[White "Genestou, Patrick"]
[Black "Bedos, Michel"]
[Result "1-0"]
[WhiteElo "2119"]
[BlackElo "2293"]
[EventDate "2004.??.??"]
[PlyCount "87"]

1.e4 e6 2.f4 d5 3.Nc3 dxe4 4.Nxe4 Bd7 5.Nf3 Bc6 6.Qe2 Nf6 7.d3 Be7 8.Bd2 
a5 9.O-O-O O-O 10.h3 b5 11.g4 Qd5 12.Ne5 Qxa2 13.Bc3 Bxe4 14.dxe4 b4 15.
Bd4 Rd8 16.Qc4 Qxc4 17.Bxc4 Nfd7 18.f5 Nxe5 19.Bxe5 Nc6 20.Bxc7 Rdc8 21.
Bb6 Ne5 22.Be2 a4 23.Bd4 b3 24.c3 Bf6 25.fxe6 fxe6 26.Kb1 Ng6 27.Rhf1 Be5 
28.Bxe5 Nxe5 29.Rd6 Rd8 30.Rxe6 Rd2 31.Bb5 Rad8 32.Re8+ Rxe8 33.Bxe8 Nd3 
34.Bf7+ Kh8 35.Bxb3 h5 36.Rf8+ Kh7 37.Bc2 Ne1 38.Bxa4 hxg4 39.hxg4 Rg2 40.
e5 Rxg4 41.Bd7 Rg1 42.Ka2 Rg5 43.Bf5+ g6 44.e6 1-0

[Event "R7N3 Tournefeuille / Ramonville"]
[Site "?"]
[Date "2004.03.14"]
[Round "7"]
[White "Garrel, Alain"]
[Black "Faure, Nicolas"]
[Result "1-0"]
[WhiteElo "2152"]
[BlackElo "1996"]
[EventDate "2004.??.??"]
[PlyCount "59"]

1.d4 d5 2.Nf3 Nf6 3.c4 c6 4.cxd5 cxd5 5.Nc3 Nc6 6.Bf4 e6 7.e3 Bd6 8.Bd3 
Bxf4 9.exf4 O-O 10.Rc1 a6 11.Bb1 Bd7 12.g4 b5 13.Ne5 b4 14.g5 bxc3 15.gxf6
cxb2 16.Rxc6 Qa5+ 17.Kf1 Bxc6 18.fxg7 Bb5+ 19.Kg2 Kxg7 20.f5 Kh8 21.f6 
Rg8+ 22.Kh3 Raf8 23.Qh5 Qc3+ 24.f3 Rg6 25.Bxg6 fxg6 26.Nxg6+ Kg8 27.Nxf8 
Kxf8 28.Rg1 Qe3 29.Rg8+ Kxg8 30.Qg4+ 1-0

[Event "R7N3 Tournefeuille / Ramonville"]
[Site "?"]
[Date "2004.03.14"]
[Round "7"]
[White "Daloz, Jean-Michel"]
[Black "Guillory"]
[Result "1-0"]
[WhiteElo "2171"]
[BlackElo "1940"]
[EventDate "2004.??.??"]
[PlyCount "61"]

1.d4 Nf6 2.c4 g6 3.Nc3 Bg7 4.Nf3 d6 5.Bg5 O-O 6.e3 c6 7.Be2 Bg4 8.Qb3 Qc7 
9.O-O Nbd7 10.h3 Bxf3 11.Bxf3 e5 12.Rfe1 Rfe8 13.Rad1 e4 14.Be2 Qb6 15.Bf4
Qxb3 16.axb3 Bf8 17.Ra1 Nb6 18.b4 a6 19.Bg5 Kg7 20.Ra5 Nfd7 21.c5 Nd5 22.
Nxd5 cxd5 23.Rea1 dxc5 24.bxc5 Rac8 25.b4 Nb8 26.b5 axb5 27.Rxb5 f6 28.
Rxb7+ Be7 29.Bg4 Rcd8 30.Bf4 f5 31.Be2 1-0

[Event "R7N3 Tournefeuille / Ramonville"]
[Site "?"]
[Date "2004.03.14"]
[Round "7"]
[White "Casella, LAURENT."]
[Black "Uzcudun"]
[Result "0-1"]
[WhiteElo "2100"]
[BlackElo "1880"]
[EventDate "2004.??.??"]
[PlyCount "60"]

1.e4 e6 2.d4 d5 3.Nc3 h6 4.e5 c5 5.Nf3 Nc6 6.Ne2 Nge7 7.c3 Nf5 8.a3 Qb6 9.
g4 Nfe7 10.Nf4 c4 11.Rb1 Na5 12.Be3 Bd7 13.Nd2 Nb3 14.Nxb3 Ba4 15.h4 Bxb3 
16.Qd2 O-O-O 17.Ne2 Nc6 18.Nc1 f6 19.f4 Be7 20.Be2 g5 21.exf6 Bxf6 22.fxg5
hxg5 23.Bxg5 Bxg5 24.Qxg5 Bc2 25.Ra1 Qxb2 26.Ra2 Qxc3+ 27.Kf1 Rdf8+ 28.Kg1
Qe1+ 29.Kh2 Rf2+ 30.Kg3 Rf1+ 0-1

[Event "R1-Gr2-Poule Haute"]
[Site "?"]
[Date "2004.03.14"]
[Round "6"]
[White "Ribou, Jacques"]
[Black "Chaffaud, Robert"]
[Result "1-0"]
[WhiteElo "1850"]
[BlackElo "1499"]
[EventDate "2004.??.??"]
[PlyCount "33"]

1.e4 c6 2.d4 d5 3.Nc3 e6 4.Nf3 Bb4 5.Bd3 Bxc3+ 6.bxc3 Nf6 7.Bg5 dxe4 8.
Bxe4 O-O 9.Qd3 h6 10.h4 Nbd7 11.O-O-O hxg5 12.hxg5 Nxe4 13.Qxe4 f5 14.
Qxe6+ Rf7 15.g6 Qf6 16.gxf7+ Qxf7 17.Rh8+ 1-0

[Event "R1-Gr2-Poule Haute"]
[Site "?"]
[Date "2004.03.14"]
[Round "6"]
[White "Osete, José"]
[Black "Pezou, Jean-Claude"]
[Result "1-0"]
[WhiteElo "1999"]
[BlackElo "1700"]
[EventDate "2004.??.??"]
[PlyCount "67"]

1.e4 e5 2.Nf3 Nc6 3.Bb5 Nf6 4.O-O Be7 5.Re1 d6 6.h3 O-O 7.c3 a6 8.Ba4 b5 
9.Bc2 Re8 10.d4 exd4 11.cxd4 Bf8 12.a3 Bb7 13.Bg5 h6 14.Bh4 Na5 15.Nbd2 
Be7 16.Rc1 c5 17.Bb1 Rc8 18.Ba2 cxd4 19.Rxc8 Qxc8 20.Nxd4 Nc6 21.Nf5 Qd7 
22.f4 Bd8 23.Qf3 Bb6+ 24.Kh2 Nd4 25.Nxd4 Bxd4 26.Qd3 Bb6 27.Bxf6 gxf6 28.
e5 d5 29.Ne4 Kg7 30.Nxf6 Qd8 31.Qh7+ Kf8 32.Qh8+ Ke7 33.Nxe8 Qxe8 34.Qf6+ 
1-0

[Event "R1-Gr2-Poule Haute"]
[Site "?"]
[Date "2004.03.14"]
[Round "6"]
[White "Landes, René"]
[Black "Knecht, Alain"]
[Result "0-1"]
[WhiteElo "1650"]
[BlackElo "1999"]
[EventDate "2004.??.??"]
[PlyCount "62"]

1.e4 e5 2.Nf3 Nc6 3.Bb5 a6 4.Ba4 Nf6 5.O-O b5 6.Bb3 Be7 7.c3 d6 8.d4 Bg4 
9.d5 Na5 10.Bc2 O-O 11.h3 Bh5 12.Nbd2 c5 13.b4 Nb7 14.a4 Qc7 15.Bb2 Bg6 
16.Re1 cxb4 17.cxb4 Nxd5 18.exd5 Bxc2 19.Rc1 Rfc8 20.Qe2 Qd7 21.axb5 axb5 
22.Ne4 Bb3 23.Rxc8+ Rxc8 24.Rc1 Rxc1+ 25.Bxc1 Bxd5 26.Nc3 Bc4 27.Qe3 Nd8 
28.Qb6 Qb7 29.Be3 Qxb6 30.Bxb6 Nc6 31.Bc7 Nxb4 0-1

[Event "R1-Gr2-Poule Haute"]
[Site "?"]
[Date "2004.03.14"]
[Round "6"]
[White "Laffont, Jean-Christophe"]
[Black "Oriot, Patrice"]
[Result "0-1"]
[WhiteElo "1550"]
[BlackElo "2050"]
[EventDate "2004.??.??"]
[PlyCount "74"]

1.d4 e6 2.e3 b6 3.Nf3 Bb7 4.Nbd2 f5 5.Bd3 Nf6 6.O-O Be7 7.Be2 O-O 8.Rb1 
Qe8 9.b3 Ne4 10.Bb2 d6 11.c4 Nd7 12.Bd3 Qg6 13.Be2 Ndf6 14.h3 Nxd2 15.Qxd2
Ne4 16.Qd3 Rae8 17.d5 e5 18.Qc2 Bc8 19.Nh2 Qh6 20.Bc1 Rf6 21.Bb2 Rg6 22.
Kh1 Bh4 23.Ng4 fxg4 24.Qxe4 gxh3 25.g3 Be7 26.Qc2 Rf8 27.Bc1 Bg4 28.Bxg4 
Rxg4 29.Qe2 Qg6 30.Bd2 h5 31.Rg1 h4 32.Kh2 e4 33.Rbf1 Rf3 34.Be1 Qf5 35.
Qd2 hxg3+ 36.Rxg3 Rgxg3 37.fxg3 Rxf1 0-1

[Event "R1-Gr2-Poule Haute"]
[Site "?"]
[Date "2004.03.14"]
[Round "6"]
[White "Bricard, Hervé"]
[Black "Delhom, Raoul"]
[Result "1-0"]
[WhiteElo "2129"]
[BlackElo "1750"]
[EventDate "2004.??.??"]
[PlyCount "85"]

1.e4 d6 2.d4 Nf6 3.Nc3 g6 4.f3 Bg7 5.Be3 O-O 6.Qd2 e5 7.Nge2 Nbd7 8.O-O-O 
b6 9.Bh6 c5 10.d5 Ba6 11.Ng3 Bxf1 12.Rdxf1 a6 13.h4 Nh5 14.Nxh5 gxh5 15.
Rh3 Kh8 16.Bxg7+ Kxg7 17.Rg3+ Kh8 18.Rg5 Nf6 19.g4 Rg8 20.Rxg8+ Qxg8 21.g5
Nd7 22.f4 Rf8 23.f5 f6 24.Rg1 Qg7 25.Qe2 fxg5 26.Rxg5 Qh6 27.Qxh5 Qxh5 28.
Rxh5 Nf6 29.Rg5 b5 30.Rg2 b4 31.Nd1 Nxe4 32.Ne3 Rg8 33.Rxg8+ Kxg8 34.Kd1 
Kf7 35.Ke2 Nf6 36.c4 h5 37.Kf3 Ne8 38.Nf1 Kf6 39.Ng3 Ng7 40.Ne4+ Kf7 41.
Nxd6+ Ke7 42.f6+ Kxf6 43.Ne4+ 1-0

[Event "R1-Gr2-Poule Haute"]
[Site "?"]
[Date "2004.03.14"]
[Round "6"]
[White "Arnould, Françoise"]
[Black "David, Philippe"]
[Result "1-0"]
[WhiteElo "1260"]
[BlackElo "1280"]
[EventDate "2004.??.??"]
[PlyCount "70"]

1.Nf3 d5 2.d4 Nf6 3.g3 e6 4.Bg2 c5 5.O-O Be7 6.Bf4 Nc6 7.e3 O-O 8.Ne5 Bd6 
9.Nxc6 bxc6 10.Bxd6 Qxd6 11.Nc3 c4 12.Re1 e5 13.f3 Re8 14.Na4 e4 15.Nc5 
exf3 16.Qxf3 Bg4 17.Qf2 Ne4 18.Nxe4 Rxe4 19.Bxe4 dxe4 20.c3 Bf3 21.h3 Rb8 
22.Kh2 Rb5 23.Kg1 Rf5 24.Qh2 Rg5 25.g4 Qd8 26.Qf4 h6 27.Kf2 Rg6 28.Qg3 h5 
29.Qe5 hxg4 30.Rg1 Qh4+ 31.Rg3 gxh3 32.Qf4 Bg4 33.Qb8+ Kh7 34.Rg1 Rf6+ 35.
Ke1 Rf2 1-0

[Event "R1-2004 Montauban - Muret1"]
[Site "Montauban"]
[Date "2004.03.14"]
[Round "6"]
[White "Fabre, Pierre"]
[Black "Palos Jean-Luc"]
[Result "1/2-1/2"]
[WhiteElo "1460"]
[BlackElo "1390"]
[EventDate "2004.??.??"]
[PlyCount "21"]

1.d4 Nf6 2.Nf3 d6 3.c4 g6 4.Bf4 Bg7 5.Qc1 O-O 6.Bh6 Nh5 7.Bxg7 Kxg7 8.e3 
Bg4 9.Be2 c6 10.Nbd2 Nf6 11.Qc3 {les coups notés ne sont plus cohérents à 
compter de ce coup} 1/2-1/2

[Event "R1-2004 Montauban - Muret"]
[Site "Montauban"]
[Date "2004.03.14"]
[Round "6"]
[White "Ravon, Michel"]
[Black "Jammot Jean-Louis"]
[Result "1-0"]
[WhiteElo "1499"]
[BlackElo "1499"]
[EventDate "2004.??.??"]
[PlyCount "57"]

1.d4 d5 2.Nf3 Nf6 3.c4 c6 4.Nc3 dxc4 5.a4 Na6 6.e3 e6 7.Bxc4 Nb4 8.e4 Be7 
9.O-O O-O 10.Qe2 Qc7 11.Bg5 Ng4 12.e5 Bxg5 13.Nxg5 Nh6 14.Nge4 Nf5 15.Rad1
a6 16.g4 b5 17.Bb3 Ne7 18.Nc5 Ned5 19.Qe4 g6 20.f4 Qe7 21.Qf3 h6 22.N5e4 
f5 23.exf6 Nxf6 24.Nxf6+ Rxf6 25.f5 Kg7 26.Qe4 Nd5 27.Qe5 exf5 28.Bxd5 
cxd5 29.Qxe7+ 1-0